Joueurs néerlandais ayant joué à Manchester United - Statistiques

Statistiques générales
  • Ce quiz a été pris 52 fois
  • Le résultat moyen est 6 sur 17
Statistiques - réponses
Année d'arrivée Année de départ Club précédant Club suivant Nombre de match Joueurs % Correct
2024 En cours Bayern Munich En cours 56 Matthijs de Ligt
84%
2012 2015 Arsenal FC Fenerbahce 105 Robin van Persie
76%
2015 2017 PSV Eindhoven Olympique Lyonnais 53 Memphis Depay
72%
2001 2006 PSV Eindhoven Real Madrid 219 Ruud van Nistelrooy
68%
2024 En cours FC Bologna En cours 73 Joshua Zirkzee
64%
2005 2011 FC Fulham Fin de carrière 266 Edwin van der Sar
58%
2020 2024 Ajax Amsterdam Girona FC 62 Donny van de Beek
52%
2014 2018 Ajax Amsterdam Ajax Amsterdam 141 Daley Blind
48%
1998 2001 PSV Eindhoven Lazio Rome 127 Jaap Stam
42%
2022 En cours Feyenoord Rotterdam En cours 49 Tyrell Malacia
34%
2016 2021 Manchester United U18 Bayer 04 Leverkusen 30 Timothy Fosu-Mensah
12%
2023 2023 Burnley FC Burnley FC 31 Wout Weghorst
12%
1996 2000 FC Barcelone Deportivo Alavés 58 Jordi Cruyff
8%
2012 2014 Vitesse Arnhem Dinamo Moscou 28 Alexander Büttner
6%
1982 1985 Ipswich Town Ajax Amsterdam 98 Arnold Mühren
0%
2021 2023 Manchester United U21 Jong Utrecht 0 Björn Hardley
0%
1996 2002 Vitesse Arnhem West Ham United 60 Raimond van der Gouw
0%
Aucun quiz correspondant
Distribution des résultats
% des personnes avec chaque résultat
Percentile par nombre de réponses
Votre historique - résultats
Vous n’avez pas pris ce quiz